|
|
|
|
| LEADER |
01176nam a2200265 a 4500 |
| 001 |
614746 |
| 008 |
091231s1993 ilua b 001 0 eng d |
| 010 |
|
|
|a 92014268
|
| 020 |
|
|
|a 8185604029
|
| 020 |
|
|
|a 0226730433 (pbk.)
|
| 040 |
|
|
|a DLC
|c DLC
|d DLC
|d BD-DhAAL
|
| 082 |
0 |
0 |
|a 305.42/0954/14
|2 20
|
| 100 |
1 |
|
|a Roy, Manisha,
|d 1936-
|
| 245 |
1 |
0 |
|a Bengali women /
|c Manisha Roy ; with a new afterword.
|
| 260 |
|
|
|a Chicago ;
|a Calcutta :
|b University of Chicago Press,
|c 1993.
|
| 300 |
|
|
|a xvii, 213 p. :
|b ill. ;
|c 22 cm.
|
| 504 |
|
|
|a Includes bibliographical references (p. [203]-206) and index.
|
| 541 |
1 |
|
|e 00005446
|
| 650 |
|
0 |
|a Women
|z India
|z West Bengal.
|
| 650 |
|
0 |
|a Hindu women
|z India
|z West Bengal.
|
| 650 |
|
0 |
|a Upper class
|z India
|z West Bengal.
|
| 852 |
4 |
|
|a Ayesha Abed Library
|j General Shelf.
|
| 999 |
|
|
|c 6587
|d 6587
|
| 952 |
|
|
|0 0
|1 0
|2 ddc
|4 0
|6 305_420954140000000_ROY_1993
|7 0
|9 6700
|a BRACUL
|b BRACUL
|c GEN
|d 2009-12-31
|g 259.00
|l 8
|m 9
|o 305.42095414 ROY
|p 3010005446
|r 2025-07-14
|s 2025-06-25
|t 1
|w 2009-12-31
|y BK
|
| 952 |
|
|
|0 0
|1 0
|2 ddc
|4 0
|6 305_420954140000000_ROY
|7 0
|9 22305
|a IGS
|b IGS
|c GEN
|d 2013-05-07
|e Prothoma
|g 460.00
|l 0
|o 305.42095414 ROY
|p 3010026914
|r 2013-05-07
|t 2
|w 2013-05-07
|y BK
|